000 01280cam a2200277 i 4500
003 SA-RiAUC
005 20241215071557.0
008 241214s1949 ua g 00000 ara c
040 _aSA-RiAUC
_bara
_cSA-RiAUC
_erda
050 4 _b.I26 1949
082 0 4 _a253.3
_qSA-RiAUC
090 _a253.3
_bا ب ن ت
100 1 _aابن تيمية، أحمد بن عبد الحليم بن عبد السلام،
_d661-728 هجري
_eمؤلف.
245 1 0 _aنظرية العقد /
_cتأليف أحمد بن عبد الحليم بن تيمية ؛ تحقيق محمد حامد الفقي.
264 1 _aالقاهرة :
_bمكتبة السنة المحمدية،
_c1949
300 _a255 صفحة ؛
_c24 سم
336 _aنص
_btxt
_2rdacontent
_3كتاب
337 _aبدون وسيط
_bn
_2rdamedia
338 _aمجلد
_bnc
_2rdacarrier
650 7 _aالعقود (فقه إسلامي)
_2aucsh
650 7 _aالمعاملات (فقه إسلامي)
_2aucsh
700 1 2 _iتحقيق لـ (عمل) :
_aابن تيمية، أحمد بن عبد الحليم بن عبد السلام،
_d661-728 هجري.
_tنظرية العقد
700 1 _aالفقي، محمد حامد،
_d1892-1959
_eمحقق.
942 _2ddc
_cRARE BOOK
_n0
949 _aSA-JeALM
_d241214
_umohamedma123
_n1
999 _c3513
_d3513